Вениамин Чекалин. Мечтатель и первооткрыватель

Бібліографічні деталі
Інші автори: Бакшт Ф. Б. Федор Борисович (редактор)
Резюме:В книгу включены рассказы и воспоминания известного алтайского геолога Вениамина Михайловича Чекалина, воспоминания его друзей, а также некоторые документы и фотографии, повествующие о жизни, мечтах и достижениях, открытиях и находках этого замечательного человека, первооткрывателя пяти рудных месторождений. Приложено генеалогическое древо рода Демидовых, составленное В.М. Чекалиным.
Мова:Російська
Опубліковано: Томск, Изд-во ТПУ, 2014
Предмети:
Формат: MixedMaterials Книга
KOHA link:https://koha.lib.tpu.ru/cgi-bin/koha/opac-detail.pl?biblionumber=291828

MARC

LEADER 00000nam0a2200000 4500
001 291828
005 20231102000429.0
010 |a 9785438705277 
035 |a (RuTPU)RU\TPU\book\316419 
090 |a 291828 
100 |a 20150417d2014 m y0rusy50 ca 
101 0 |a rus 
102 |a RU 
105 |a a z 001zy 
200 1 |a Вениамин Чекалин. Мечтатель и первооткрыватель  |f под ред. Ф. Б. Бакшта 
210 |a Томск  |c Изд-во ТПУ  |d 2014 
215 |a 222 с.  |c ил. 
330 |a В книгу включены рассказы и воспоминания известного алтайского геолога Вениамина Михайловича Чекалина, воспоминания его друзей, а также некоторые документы и фотографии, повествующие о жизни, мечтах и достижениях, открытиях и находках этого замечательного человека, первооткрывателя пяти рудных месторождений. Приложено генеалогическое древо рода Демидовых, составленное В.М. Чекалиным. 
600 1 |a Чекалин  |b В. М.  |c геолог  |c выпускник Томского политехнического института 1967 г.  |f 1936-2014  |g Вениамин Михайлович  |y Томск  |2 stltpush  |3 (RuTPU)RU\TPU\pers\34290 
606 1 |a Геология  |x История  |2 stltpush  |3 (RuTPU)RU\TPU\subj\68097  |9 83634 
610 1 |a Россия 
610 1 |a Урал 
610 1 |a Сибирь 
610 1 |a автобиографии 
610 1 |a воспоминания 
610 1 |a труды учёных ТПУ 
610 1 |a Томский политехнический институт 
610 1 |a выпускники ТПУ 
610 1 |a выпускники-геологи 
610 1 |a Коллекция История ТПУ 
675 |a 55(09)  |v 3 
702 1 |a Бакшт  |b Ф. Б.  |c горный инженер-геофизик  |c инженер-исследователь Томского политехнического университета  |c выпускник ГРФ ТПИ 1956 г.  |f 1933-  |g Федор Борисович  |2 stltpush  |3 (RuTPU)RU\TPU\pers\19662  |4 340 
801 1 |a RU  |b 63413507  |c 20150417 
801 2 |a RU  |b 63413507  |c 20211214  |g RCR 
942 |c BK